[Event "Club Championships C Grade"]
[Site "Wellington Chess Club"]
[Date "2021.12.09"]
[Round "5.1"]
[White "Van der Hoorn, Thomas"]
[Black "Winsley, Nicholas"]
[Result "1/2-1/2"]
[WhiteElo "1946"]
[BlackElo "1821"]

1. e4 e5 2. Nf3 Nc6 3. Bb5 a6 4. Ba4 Nf6 5. O-O Nxe4 6. d4 b5 7. Bb3 d5 8. dxe5
Be6 9. Qe2 Bc5 10. Nbd2 Bf5 11. Nxe4 Bxe4 12. Ng5 Nd4 13. Qe1 Bf5 14. Be3 h6
15. Bxd4 Bxd4 16. Nf3 Bxb2 17. Rb1 Ba3 18. Rd1 Be4 19. Nd4 c5 20. f3 O-O 21.
fxe4 c4 22. Nf5 d4 23. Qg3 Qg5 24. Qxg5 hxg5 25. Nxd4 Rfe8 26. e6 f6 27. Kf2
cxb3 28. axb3 Bc5 29. Kf3 Bxd4 30. Rxd4 Rxe6 31. Rfd1 Kh7 32. R1d2 Rc8 33. c4
Kg6 34. g4 Rc5 35. Rd5 Rcc6 36. cxb5 axb5 1/2-1/2

[Event "Club Championships C Grade"]
[Site "Wellington Chess Club"]
[Date "2021.12.09"]
[Round "5.2"]
[White "Archer, Ollie"]
[Black "Winsley, Daniel"]
[Result "1-0"]
[WhiteElo "1822"]
[BlackElo "1829"]

1. c4 e5 2. g3 Bc5 3. Bg2 c6 4. Nc3 Nf6 5. e3 O-O 6. Nge2 d6 7. O-O Bf5 8. d4
Bb6 9. b3 e4 10. d5 Ba5 11. Bb2 c5 12. h3 Re8 13. g4 Nxg4 14. hxg4 Bxg4 15.
Nxe4 Rxe4 16. Bxe4 Qg5 17. f4 Qe7 18. Bf3 Qxe3+ 19. Kg2 f5 20. Ng3 h5 21. Qe2
Bh3+ 22. Kxh3 Qxf4 23. Qe8+ 1-0

[Event "Club Championships C Grade"]
[Site "Wellington Chess Club"]
[Date "2021.12.09"]
[Round "5.3"]
[White "Heyworth, Nicholas"]
[Black "Hall, Nathan"]
[Result "*"]
[WhiteElo "1838"]
[BlackElo "1974"]

1. e4 c5 2. Nc3 a6 3. Nge2 b5 4. d4 cxd4 5. Nxd4 Bb7 6. Bd3 d6 7. O-O Nf6 8.
Re1 Nbd7 9. f3 e6 10. Be3 Be7 11. Bf1 O-O 12. Nce2 d5 13. exd5 Nxd5 14. Bf2 Bc5
15. Nc3 Nxc3 16. bxc3 Qb6 17. Qd2 Rac8 18. Be3 Rfd8 19. Qf2 Bd5 20. a4 e5 21.
Nf5 Bxe3 22. Qxe3 Qf6 23. Ng3 Bc4 24. Ne4 Qe7 25. Bxc4 Rxc4 26. axb5 axb5 27.
Ra7 f5 28. Nd2 f4 29. Qf2 Rxc3 30. Ne4 Rc4 31. Rd1 Nf6 32. Nxf6+ Qxf6 33. Rdd7
Rxd7 34. Rxd7 Qa6 35. Rd8+ Kf7 36. Rd7+ Kg6 37. Ra7 Qd6 38. Qe2 Qc5+ 39. Qf2
Qxf2+ 40. Kxf2 Rxc2+ 41. Kf1 Rb2 42. Rb7 b4 43. g4 b3 44. Rb6+ Kg5 45. Rb5 Rb1+
46. Kg2 Kf6 47. Rb6+ Ke7 48. Rb7+ Kd6 49. Rxg7 Kc6 50. Rg8 b2 51. Rb8 Kc5 52.
h4 Kd4 53. g5 Ke3 54. h5 e4 55. Rb3+ Ke2 56. g6 exf3+ 57. Kh2 f2 58. Rxb2+ Rxb2
*

[Event "Club Championships D Grade"]
[Site "Wellington Chess Club"]
[Date "2021.11.11"]
[Round "1.1"]
[White "Young, Cohen"]
[Black "Ackroyd, William"]
[Result "0-1"]
[WhiteElo "1800"]
[BlackElo "1790"]

1. e4 e5 2. Nc3 Nc6 3. Bc4 Nf6 4. d3 Na5 5. Bb3 Nxb3 6. axb3 d5 7. exd5 Bb4 8.
Ne2 Nxd5 9. O-O O-O 10. Nxd5 Qxd5 11. Ng3 Bd7 12. Nh5 f5 13. f4 Bc5+ 14. Kh1
Bc6 15. Qd2 g6 16. Ng3 exf4 17. Rxf4 Rae8 18. c4 Qd6 19. d4 Bb4 20. Qf2 Re1+
21. Nf1 Rfe8 22. Kg1 R8e2 0-1

[Event "Club Championships D Grade"]
[Site "Wellington Chess Club"]
[Date "2021.11.11"]
[Round "1.2"]
[White "Rossiter, Philip"]
[Black "Wevers, Alexis"]
[Result "1-0"]
[WhiteElo "1781"]
[BlackElo "1818"]

1. Nf3 d5 2. b3 Nf6 3. Bb2 c5 4. e3 Nc6 5. d4 Bg4 6. Be2 e6 7. Nbd2 Bd6 8. O-O
O-O 9. c4 Rc8 10. Rc1 Qe7 11. h3 Bh5 12. Ne5 Bxe2 13. Qxe2 cxd4 14. exd4 Ba3
15. Ndf3 Rfd8 16. Rfd1 h6 17. c5 Bxb2 18. Qxb2 Nd7 19. b4 Ndxe5 20. Nxe5 Nxe5
21. dxe5 Qh4 22. b5 d4 23. c6 bxc6 24. Rxc6 Rb8 25. Rd6 Rxd6 26. exd6 e5 27.
Qc2 Qf6 28. Qc5 Rd8 29. Qxa7 Qxd6 30. a4 d3 31. Qe3 f5 32. a5 e4 33. a6 Ra8 34.
a7 Qb4 35. b6 Qb5 $4 (35... f4 36. Qxf4 Qxb6) 36. g4 fxg4 37. Qxe4 Rf8 38. a8=Q
gxh3 39. Qad5+ Qxd5 40. Qxd5+ Kh8 41. Rxd3 1-0

[Event "Club Championships D Grade"]
[Site "Wellington Chess Club"]
[Date "2021.11.11"]
[Round "1.3"]
[White "Brockway, Andrew"]
[Black "Guthrie, Milo"]
[Result "1-0"]
[WhiteElo "1790"]
[BlackElo "1753"]

1. e4 c5 2. Nc3 Nc6 3. Bb5 a6 4. Bxc6 dxc6 5. f4 Nf6 6. Nf3 b5 7. Qe2 b4 8. Nd1
e6 9. d3 Be7 10. O-O O-O 11. Ne3 Re8 12. Nc4 a5 13. Nfe5 Qc7 14. a4 Nd7 15. Qh5
Nxe5 16. fxe5 g6 17. Qf3 Bf8 18. Bg5 Ra7 19. Bf6 Ba6 20. Ne3 Qd7 21. Kh1 Qd4
22. Ng4 Qxb2 23. Qf4 h5 24. Ne3 Kh7 25. g4 Bh6 26. Bg5 Bxg5 27. Qxg5 f5 28.
gxh5 Rg8 29. Rg1 Qxe5 30. hxg6+ Kg7 31. exf5 Rf8 32. Raf1 Rf6 33. Ng4 Qd5+ 34.
Rg2 Rxf5 35. Rxf5 Qxf5 36. Qh6+ Kg8 37. Rg1 Rg7 38. Qh4 Qd5+ 39. Rg2 Qf5 40.
Nh6+ 1-0

[Event "Club Championships D Grade"]
[Site "Wellington Chess Club"]
[Date "2021.11.18"]
[Round "2.1"]
[White "Ackroyd, William"]
[Black "Guthrie, Milo"]
[Result "1-0"]
[WhiteElo "1790"]
[BlackElo "1753"]

1. e4 c5 2. Nc3 e6 3. Nge2 Nc6 4. d4 cxd4 5. Nxd4 Bb4 6. Nxc6 Bxc3+ 7. bxc3
bxc6 8. Qg4 Qf6 9. Qg3 h6 10. Bf4 Qg6 11. Qxg6 fxg6 12. Bd6 Kf7 13. e5 Ne7 14.
Bd3 Nf5 15. Bc7 a5 16. h4 Ra7 17. Bb6 Ra8 18. g4 Ne7 19. Kd2 Ba6 20. h5 g5 21.
c4 Rhb8 22. Bc5 Rb7 23. Rh3 Rab8 24. c3 Rb2+ 25. Ke3 Rf8 26. Ba3 Rbb8 27. Bd6
Rb2 28. Bg6+ Nxg6 29. hxg6+ Ke8 30. Bxf8 Kxf8 31. Rf3+ Ke8 32. Kd4 Rd2+ 33. Kc5
Re2 34. Rb1 Kd8 35. Rb6 Bc8 36. Rf8+ Kc7 37. Rb1 Ba6 38. Kd4 c5+ 39. Kd3 Rxa2
40. Rf7 Ra4 41. Rxg7 Rxc4 42. Kc2 Rf4 43. Rf7 1-0

[Event "Club Championships D Grade"]
[Site "Wellington Chess Club"]
[Date "2021.11.18"]
[Round "2.2"]
[White "Wevers, Alexis"]
[Black "Brockway, Andrew"]
[Result "0-1"]
[WhiteElo "1818"]
[BlackElo "1790"]

1. c4 e6 2. d4 d5 3. Nf3 Nf6 4. Bg5 Be7 5. Nc3 c6 6. e3 Nbd7 7. cxd5 exd5 8.
Bd3 Nf8 9. Ne5 Ng6 10. Nxg6 hxg6 11. O-O Nh5 12. Bxe7 Qxe7 13. e4 Nf4 14. exd5
Qh4 15. Re1+ Kf8 16. Kf1 Qxh2 17. Ne2 Qxg2# 0-1

[Event "Club Championships D Grade"]
[Site "Wellington Chess Club"]
[Date "2021.11.18"]
[Round "2.3"]
[White "Young, Cohen"]
[Black "Rossiter, Philip"]
[Result "1-0"]
[WhiteElo "1800"]
[BlackElo "1781"]

1. e4 d5 2. exd5 Nf6 3. d4 Bg4 4. f3 Bf5 5. Bb5+ c6 6. dxc6 bxc6 7. Bd3 Qxd4 8.
Bxf5 Qe5+ 9. Be4 Nbd7 10. Qe2 Qa5+ 11. Bd2 Qb6 12. Nc3 e6 13. Na4 Qb7 14. Nh3
Bd6 15. Rd1 O-O 16. O-O Rab8 17. Bc3 Qc7 18. f4 Rfd8 19. Qc4 Ng4 20. Qxc6 Ne3
21. Rxd6 Qxc6 22. Bxc6 Nxf1 23. Kxf1 1-0

[Event "Club Championships D Grade"]
[Site "Wellington Chess Club"]
[Date "2021.11.25"]
[Round "3.1"]
[White "Rossiter, Philip"]
[Black "Ackroyd, William"]
[Result "1/2-1/2"]
[WhiteElo "1781"]
[BlackElo "1790"]

1. Nf3 Nf6 2. c4 e6 3. d4 b6 4. g3 Bb7 5. Bg2 g6 6. Nc3 Ne4 7. Qc2 Nxc3 8. Qxc3
Bg7 9. Bg5 Qc8 10. Qd2 h6 11. Be3 d6 12. O-O Nd7 13. Rac1 c5 14. Rfd1 Nf6 15.
h3 Ne4 16. Qc2 O-O 17. Nh4 Nf6 18. Nf3 Be4 19. Qd2 Kh7 20. Ne1 Bxg2 21. Nxg2 e5
22. dxe5 dxe5 23. Kh2 Rd8 24. Qc2 Qc6 25. b3 Ng8 26. Rxd8 Rxd8 27. Rd1 Rd6 28.
Rxd6 Qxd6 29. Qd2 Qe7 30. a4 h5 31. Nh4 Bh6 32. Bxh6 Nxh6 33. Qd5 Ng8 34. Nf3
f6 35. h4 Nh6 36. e4 Kg7 37. Kg2 Nf7 38. Qa8 Qd7 39. Qd5 Qe7 40. Qa8 Qd7 41.
Qd5 1/2-1/2

[Event "Club Championships D Grade"]
[Site "Wellington Chess Club"]
[Date "2021.11.25"]
[Round "3.2"]
[White "Brockway, Andrew"]
[Black "Young, Cohen"]
[Result "1/2-1/2"]
[WhiteElo "1790"]
[BlackElo "1800"]

1. e4 c5 2. Nc3 e6 3. f4 d5 4. d3 Nc6 5. Nf3 Nf6 6. Qe2 d4 7. Nd1 Be7 8. g3 b6
9. Bg2 Bb7 10. O-O Qd7 11. Ne5 Qc7 12. Nxc6 Bxc6 13. f5 exf5 14. Rxf5 O-O 15.
Bg5 Rad8 16. Bf4 Qc8 17. Bg5 Bd7 18. Rf1 Bg4 19. Qf2 Nxe4 20. Bxe4 Bxg5 21. Kh1
Rd6 22. Bf5 Bxf5 23. Qxf5 Rf6 24. Qxc8 Rxf1+ 25. Kg2 Rxc8 26. Kxf1 c4 27. dxc4
Rxc4 28. c3 d3 29. Nf2 d2 30. Ke2 f5 31. Rd1 Kf7 32. Kd3 Rc6 33. Nh3 Bh6 34.
Nf4 Rd6+ 35. Ke2 g5 36. Nd3 g4 37. Nf4 Bxf4 38. gxf4 h5 39. Rxd2 Rxd2+ 40. Kxd2
h4 41. Ke2 Ke6 42. c4 Kd6 43. b4 a6 44. Ke3 Ke6 45. Kf2 a5 46. a3 Kd7 47. Kg2
Kd6 48. Kf2 axb4 49. axb4 b5 50. c5+ Kd5 51. Kg2 Kc6 1/2-1/2

[Event "Club Championships D Grade"]
[Site "Wellington Chess Club"]
[Date "2021.11.25"]
[Round "3.3"]
[White "Guthrie, Milo"]
[Black "Wevers, Alexis"]
[Result "0-1"]
[WhiteElo "1753"]
[BlackElo "1818"]

1. d4 Nf6 2. Nc3 d5 3. Bf4 c5 4. e3 a6 5. Nf3 Bg4 6. h3 Bxf3 7. Qxf3 cxd4 8.
exd4 e6 9. Bd3 Nc6 10. Ne2 Qb6 11. c3 Be7 12. O-O O-O 13. Qg3 Nh5 14. Qg4 Nxf4
15. Nxf4 g6 16. Rae1 Qxb2 17. Nxe6 fxe6 18. Rxe6 Qd2 19. Rxg6+ Kh8 20. Bb1 Rf4
21. Qe6 hxg6 22. Qxg6 Rh4 23. f4 Rg8 0-1

[Event "Club Championships D Grade"]
[Site "Wellington Chess Club"]
[Date "2021.12.02"]
[Round "4.1"]
[White "Ackroyd, William"]
[Black "Wevers, Alexis"]
[Result "*"]
[WhiteElo "1790"]
[BlackElo "1818"]

1. e4 c5 2. Nc3 e6 3. Nge2 Nc6 4. d4 cxd4 5. Nxd4 Nf6 6. Nxc6 bxc6 7. e5 Nd5 8.
Ne4 f6 9. c4 Nb6 10. exf6 ( {even better is} 10. Nxf6+ $1 gxf6 $2 11. Qh5+ Ke7
12. exf6+ Kxf6 (12... Kd6 13. Bf4+ e5 14. Qxe5#) 13. Bg5+) 10... gxf6 11. Qh5+
Ke7 12. Nxf6 Bg7 13. Nxh7 Bf6 14. Qg6 Qg8 15. Qxf6+ Ke8 16. Ng5 d6 17. Bd3 Kd7
18. Bg6 Kc7 19. Nf7 Nd7 20. Qxh8 Qxg6 21. Qd8+ Kb7 22. Nxd6+ Ka6 23. Nxc8 Nb6
24. O-O Rxc8 25. Qg5 *

[Event "Club Championships D Grade"]
[Site "Wellington Chess Club"]
[Date "2021.12.02"]
[Round "4.3"]
[White "Rossiter, Philip"]
[Black "Brockway, Andrew"]
[Result "1/2-1/2"]
[WhiteElo "1781"]
[BlackElo "1790"]

1. c4 e6 2. d4 d5 3. Nc3 Nf6 4. Bg5 Be7 5. e3 c6 6. Nf3 Nbd7 7. Bd3 dxc4 8.
Bxc4 b5 9. Bd3 a6 10. Rc1 Bb7 11. O-O O-O 12. e4 c5 13. Qe2 cxd4 14. Bxf6 Bxf6
15. Nb1 Ne5 16. Nxe5 Bxe5 17. f4 Bf6 18. e5 Be7 19. Nd2 Bd5 20. a3 Rc8 21. Qg4
Rxc1 22. Rxc1 Bc4 23. Nxc4 bxc4 24. Rxc4 Qa5 25. Qe2 Qb6 26. h3 Rb8 27. Qc2 g6
28. b4 Qd8 29. Kh2 Kg7 30. Qb2 a5 31. Rxd4 Qb6 32. Rd7 Qe3 33. Qd4 Qxd4 34.
Rxd4 axb4 35. axb4 Rxb4 { (=) Draw Agreed} 1/2-1/2

[Event "Club Championships D Grade"]
[Site "Wellington Chess Club"]
[Date "2021.12.02"]
[Round "5.3"]
[White "Wevers, Alexis"]
[Black "Young, Cohen"]
[Result "1-0"]
[WhiteElo "1818"]
[BlackElo "1800"]

1. d4 Nf6 2. Nf3 e6 3. c4 b6 4. Nc3 Bb7 5. g3 Be7 6. Bg2 d6 7. O-O O-O 8. Re1
c5 9. d5 Nbd7 10. e4 a6 11. Bf4 exd5 12. cxd5 Nh5 13. Bxd6 Bxd6 14. e5 Bxe5 15.
Nxe5 Nhf6 16. Nc6 Bxc6 17. dxc6 Qc7 18. cxd7 Rad8 19. Bh3 Nxd7 20. Re7 f5 21.
Qd5+ Kh8 22. Rd1 1-0

[Event "Club Championships D Grade"]
[Site "Wellington Chess Club"]
[Date "2021.12.09"]
[Round "5.1"]
[White "Brockway, Andrew"]
[Black "Ackroyd, William"]
[Result "1/2-1/2"]
[WhiteElo "1790"]
[BlackElo "1790"]

1. d4 Nf6 2. c4 e6 3. Nc3 c5 4. d5 exd5 5. cxd5 d6 6. e4 g6 7. Bb5+ Nfd7 8. Nf3
Bg7 9. Bf4 Qb6 10. Qe2 a6 11. Bd3 O-O 12. O-O Re8 13. Qd2 f6 14. Rfe1 Ne5 15.
Nxe5 fxe5 16. Bg5 Nd7 17. Be2 Qc7 18. Bg4 b5 19. Nd1 Nb6 20. Bxc8 Nc4 21. Qe2
Qxc8 22. b3 Na5 23. Bd2 Nb7 24. Ne3 Qd7 25. Rac1 Re7 26. Ng4 Rf8 27. f3 h5 28.
Nf2 Kh7 29. Nh3 Bf6 30. Qe3 Qe8 31. Qf2 Nd8 32. Bg5 Kg7 33. Qe3 Bxg5 34. Nxg5
Rf6 35. Re2 Nf7 36. Ne6+ Kg8 37. Rf2 Nd8 38. Ng5 Nf7 39. Ne6 { (=) Draw Agreed
} 1/2-1/2

[Event "Club Championships E Grade"]
[Site "Wellington Chess Club"]
[Date "2021.11.11"]
[Round "1.1"]
[White "Carroll, Lewis"]
[Black "Scott, Callum"]
[Result "0-1"]
[WhiteElo "1728"]
[BlackElo "1679"]

1. b3 Nf6 2. Bb2 d5 3. e3 Nc6 4. Bb5 Bf5 5. Bxc6+ bxc6 6. d4 e6 7. a3 c5 8. Nf3
Ne4 9. Nc3 Rb8 10. Ne5 Qg5 11. Qf3 f6 12. h4 Qh6 13. Nc6 Qg6 14. Nxb8 Bd6 15.
Rg1 Bg4 16. Nxe4 Bxf3 17. Nxd6+ cxd6 18. Kd2 Be4 19. Rac1 e5 20. f3 Bf5 21. g4
Bd7 22. Nxd7 Kxd7 23. f4 e4 24. dxc5 dxc5 25. c4 Rb8 26. cxd5 Rxb3 27. Kc2 Rxe3
0-1

[Event "Club Championships E Grade"]
[Site "Wellington Chess Club"]
[Date "2021.11.11"]
[Round "1.3"]
[White "Webster, Jamie"]
[Black "Malcolm, Aidan"]
[Result "0-1"]
[WhiteElo "1739"]
[BlackElo "1752"]

1. e4 d6 2. d4 Nf6 3. Nc3 Nbd7 4. Be3 e5 5. Nf3 c6 6. Be2 Be7 7. O-O Qc7 8. a4
h6 9. h3 g5 10. d5 Nf8 11. b4 Rg8 12. Nh2 Ng6 13. b5 Nf4 14. Ng4 Nxe2+ 15. Qxe2
Bxg4 16. hxg4 c5 17. b6 Qc8 18. f3 a6 19. Kf2 h5 20. gxh5 Nxh5 21. Rh1 Nf4 22.
Bxf4 gxf4 23. Rh6 c4 24. Rah1 Qc5+ 25. Kf1 Qd4 26. Rh8 Kd7 27. Rxg8 Rxg8 28.
Nd1 Qa1 29. Kf2 Qxa4 30. Nb2 Qb5 31. Nxc4 Rc8 32. Na3 Qxb6+ 33. Kf1 Qb2 34. Nc4
Qa1+ 35. Kf2 Qxh1 36. Nb6+ Kd8 37. Nxc8 Bh4+ 38. g3 Bxg3# 0-1

[Event "Club Championships E Grade"]
[Site "Wellington Chess Club"]
[Date "2021.11.18"]
[Round "2.1"]
[White "Scott, Callum"]
[Black "Malcolm, Aidan"]
[Result "0-1"]
[WhiteElo "1679"]
[BlackElo "1752"]

1. d4 d5 2. c4 e6 3. Nc3 Be7 4. Bf4 Nf6 5. e3 O-O 6. Nf3 c5 7. h3 Nc6 8. Be2
cxd4 9. exd4 Qb6 10. O-O dxc4 11. Bxc4 Rd8 12. Nb5 Rd7 13. Qb3 Qd8 14. Rfd1 a6
15. Nc3 Na5 16. Qa4 b5 17. Nxb5 Nxc4 18. Qxc4 axb5 19. Qxb5 Nd5 20. Bc1 Ba6 21.
Qb3 Rb7 22. Qc2 Rc8 23. Qe4 Rbc7 24. Bd2 Rc2 25. Rab1 h6 26. Ne1 R2c6 27. a3
Bb7 28. Qg4 Nf6 29. Qf3 Rb6 30. Qe3 Qd5 31. Nf3 Ne4 32. Be1 Ng5 33. Rd3 Ba6 34.
Rc3 Rxc3 35. Bxc3 Bxa3 36. Nxg5 Qxg5 37. Ra1 Qxe3 38. fxe3 Be7 39. Ra5 Bh4 40.
Rc5 Bg3 41. e4 Bd3 42. d5 Bxe4 43. dxe6 Rd6 44. Kf1 Bd3+ 45. Kg1 Rxe6 46. Rd5
Ra6 47. b4 Be4 48. Rd1 Ra2 0-1

[Event "Club Championships E Grade"]
[Site "Wellington Chess Club"]
[Date "2021.11.18"]
[Round "2.2"]
[White "Zaslow, Henry"]
[Black "Webster, Jamie"]
[Result "0-1"]
[WhiteElo "1926"]
[BlackElo "1739"]

1. e4 e5 2. Bc4 Nf6 3. Nf3 Nc6 4. Ng5 d5 5. exd5 Na5 6. Bb5+ c6 7. dxc6 bxc6 8.
Bd3 Nd5 9. Nf3 Bd6 10. O-O O-O 11. Nc3 f5 12. Be2 e4 13. Nd4 Nxc3 14. dxc3 f4
15. f3 e3 16. b4 Nb7 17. Nxc6 Qh4 18. c4 Rf6 19. Bb2 Rh6 20. h3 Bxh3 21. Qd5+
Be6 0-1

[Event "Club Championships E Grade"]
[Site "Wellington Chess Club"]
[Date "2021.11.18"]
[Round "2.3"]
[White "Carroll, Lewis"]
[Black "Jelley, Arch"]
[Result "0-1"]
[WhiteElo "1728"]
[BlackElo "1748"]

1. b3 Nf6 2. Bb2 e6 3. Nf3 b6 4. Nc3 c5 5. e4 d6 6. Bb5+ Bd7 7. Bxd7+ Nbxd7 8.
d4 Rc8 9. e5 cxd4 10. Qxd4 Nxe5 11. Nxe5 dxe5 12. Qxe5 Rc5 13. Qg3 Bd6 14. Qxg7
Rg8 15. Qh6 Rg6 16. Qh3 Be5 17. Rd1 Qc8 18. Rd3 b5 19. b4 Rc4 20. Nxb5 Re4+ 21.
Re3 Qxc2 22. Rxe4 Qb1+ 23. Ke2 Qxb2+ 0-1

[Event "Club Championships E Grade"]
[Site "Wellington Chess Club"]
[Date "2021.11.25"]
[Round "3.1"]
[White "Jelley, Arch"]
[Black "Scott, Callum"]
[Result "1/2-1/2"]
[WhiteElo "1748"]
[BlackElo "1679"]

1. Nf3 Nc6 2. g3 e5 3. d3 f5 4. Nc3 Nf6 5. Bg2 Bb4 6. Bd2 O-O 7. a3 Bxc3 8.
Bxc3 Qe8 9. O-O d6 10. Bd2 f4 11. e3 Qh5 12. c3 Kh8 13. Nh4 g5 14. Qxh5 Nxh5
15. Nf3 g4 16. Nh4 f3 17. Bh1 Nf6 18. h3 Rf7 19. e4 Ne7 20. Bg5 Be6 21. hxg4
Bxg4 22. Bxf3 Ng6 23. Bxf6+ Rxf6 24. Bxg4 Nxh4 25. gxh4 Rg8 26. f3 h5 27. Kh2
hxg4 28. fxg4 Rxf1 29. Rxf1 Rxg4 30. Rf7 Rxh4+ 31. Kg3 Rh7 32. Rf8+ Kg7 33. Rc8
Kf6 34. Ra8 a6 35. a4 Ke6 36. d4 exd4 37. cxd4 Ke7 38. b4 Kd7 39. d5 c6 40.
dxc6+ Kxc6 41. Rc8+ Kd7 42. Rc1 Ke6 43. Rd1 Ke5 44. Rd5+ Kxe4 45. Rxd6 Ke3 46.
Re6+ Kd4 47. Rb6 Kc4 48. a5 Kb3 49. Kg4 Ka4 50. Kg5 Rd7 51. Kf6 Rd4 52. Rxb7
Rxb4 53. Ra7 Kxa5 54. Ke5 Rb6 55. Kd4 Kb4 56. Kd3 a5 57. Kc2 Rb5 58. Kb2 Ka4+
59. Ka2 Kb4 60. Kb2 a4 61. Ka2 Ra5 62. Rxa5 Kxa5 63. Ka3 Kb5 64. Ka2 Kb4
1/2-1/2

[Event "Club Championships E Grade"]
[Site "Wellington Chess Club"]
[Date "2021.11.25"]
[Round "3.2"]
[White "Webster, Jamie"]
[Black "Carroll, Lewis"]
[Result "1-0"]
[WhiteElo "1739"]
[BlackElo "1728"]

1. e4 e5 2. Nf3 Nf6 3. Nxe5 d6 4. Nf3 Nxe4 5. d4 d5 6. Bd3 Bf5 7. O-O Be7 8. c4
c6 9. Nc3 Bg6 10. Re1 Nxc3 11. bxc3 Bxd3 12. Qxd3 O-O 13. a4 Nd7 14. a5 Qc7 1-0

[Event "Club Championships E Grade"]
[Site "Wellington Chess Club"]
[Date "2021.11.25"]
[Round "3.3"]
[White "Malcolm, Aidan"]
[Black "Zaslow, Henry"]
[Result "0-1"]
[WhiteElo "1752"]
[BlackElo "1926"]

1. e4 e5 2. Nf3 Nc6 3. Bc4 Nf6 4. d3 Bc5 5. c3 d6 6. b4 Bb6 7. a4 a6 8. O-O h6
9. Nbd2 O-O 10. Ba2 Ba7 11. b5 axb5 12. axb5 Ne7 13. Qc2 Qe8 14. c4 Bg4 15. h3
Bd7 16. Qb2 Ng6 17. Nb1 Nh5 18. Nc3 Nhf4 19. Bxf4 Nxf4 20. Bb1 f5 21. Ne1 Qg6
22. Kh2 fxe4 23. dxe4 Nxh3 24. gxh3 Qh5 25. Rxa7 Rxa7 26. f3 Bxh3 27. Rh1 Rf4
28. Kg1 Qg5+ 29. Kf2 Be6 30. Ng2 Rf7 31. Bd3 Ra8 32. Nb1 Rxf3+ 33. Kg1 Rxd3 34.
Qe2 Ra2 35. Qxa2 Qc1+ 36. Kf2 Qxh1 37. Qc2 Rd1 38. Nd2 Rg1 0-1

[Event "Club Championships E Grade"]
[Site "Wellington Chess Club"]
[Date "2021.12.02"]
[Round "4.1"]
[White "Scott, Callum"]
[Black "Zaslow, Henry"]
[Result "0-1"]
[WhiteElo "1679"]
[BlackElo "1926"]

1. e4 e5 2. Nc3 Nc6 3. Bc4 Nf6 4. f4 exf4 5. Nf3 Bc5 6. Na4 Nxe4 7. Nxc5 Nxc5
8. O-O d5 9. Re1+ Ne6 10. Bb5 O-O 11. Bxc6 bxc6 12. b3 c5 13. Kh1 Re8 14. d4
cxd4 15. Bb2 c5 16. Qd2 a5 17. a4 Ba6 18. Rad1 Rb8 19. Ne5 Qc7 20. Ba1 Ng5 21.
Qxf4 Ne4 22. Rxd4 cxd4 23. Bxd4 f6 0-1

[Event "Club Championships E Grade"]
[Site "Wellington Chess Club"]
[Date "2021.12.02"]
[Round "4.2"]
[White "Carroll, Lewis"]
[Black "Malcolm, Aidan"]
[Result "0-1"]
[WhiteElo "1728"]
[BlackElo "1752"]

1. e4 d6 2. d4 Nf6 3. Bd3 e5 4. d5 Be7 5. c4 Nbd7 6. Nc3 c6 7. b4 Qc7 8. g4 h6
9. f4 exf4 10. Bxf4 Ne5 11. Bxe5 Bxg4 12. Bxd6 Bxd6 13. Qa4 Bxh2 14. dxc6 Bg3+
15. Kd2 O-O 16. cxb7 Qxb7 17. Nd5 Nxd5 18. exd5 Qc7 19. Ne2 Bxe2 20. Bxe2 Qf4+
21. Kc2 Qf2 22. Kd3 Rfe8 23. Qc2 Qe3# 0-1

[Event "Club Championships E Grade"]
[Site "Wellington Chess Club"]
[Date "2021.12.02"]
[Round "4.3"]
[White "Jelley, Arch"]
[Black "Webster, Jamie"]
[Result "1-0"]
[WhiteElo "1748"]
[BlackElo "1739"]

1. d4 d5 2. Nf3 Nf6 3. Bf4 c5 4. e3 Qb6 5. Qc1 Nc6 6. dxc5 Qxc5 7. a3 Bf5 8.
Nc3 e6 9. h3 Be7 10. Bd3 Bg6 11. Qd2 a6 12. O-O O-O 13. Na4 Qa5 14. Qxa5 Nxa5
15. Nb6 Rae8 16. g4 Nc6 17. g5 Nh5 18. Nd7 Bxd3 19. cxd3 Nxf4 20. exf4 f6 21.
Nxf8 Rxf8 22. Rfe1 e5 23. Rac1 fxg5 24. Nxe5 Nxe5 25. Rxe5 Bd6 26. Rxd5 Bxf4
27. Re1 h6 28. Rd7 b6 29. Ree7 Rc8 30. Rxg7+ Kf8 31. Rdf7+ Ke8 32. Rg8+ Kxf7
33. Rxc8 Be5 34. b3 Bd4 35. Rc7+ Kg6 36. Kg2 a5 37. Kf3 Kf5 38. Rf7+ Kg6 39.
Rd7 Bc5 40. a4 h5 41. d4 Bb4 42. Rb7 Kf5 43. Rxb6 g4+ 44. hxg4+ hxg4+ 45. Kg2
Ke4 46. Rxb4 axb4 47. a5 1-0

[Event "Club Championships E Grade"]
[Site "Wellington Chess Club"]
[Date "2021.12.09"]
[Round "5.1"]
[White "Webster, Jamie"]
[Black "Scott, Callum"]
[Result "1-0"]
[WhiteElo "1739"]
[BlackElo "1679"]

1. e4 c5 2. Nf3 d6 3. d4 cxd4 4. Nxd4 Nc6 5. Nc3 g6 6. Be3 Bg7 7. Qd2 h5 8. Bc4
Ne5 9. Bb3 Ng4 10. O-O-O Nxe3 11. fxe3 Nf6 12. Nf3 O-O 13. e5 Nd7 14. exd6 e6
15. Nb5 Nc5 16. Nc7 Nxb3+ 17. axb3 Rb8 18. d7 Qxc7 19. d8=Q Rxd8 20. Qxd8+ Qxd8
21. Rxd8+ Bf8 22. Ne5 Kg7 23. Nd7 Bxd7 24. Rxb8 Bc6 25. Rd1 Be7 26. g3 g5 27.
c4 Bf6 28. c5 a6 29. b4 Bd5 30. Rxd5 exd5 31. Rxb7 Be5 32. c6 1-0

[Event "Club Championships E Grade"]
[Site "Wellington Chess Club"]
[Date "2021.12.09"]
[Round "5.2"]
[White "Malcolm, Aidan"]
[Black "Jelley, Arch"]
[Result "1-0"]
[WhiteElo "1752"]
[BlackElo "1748"]

1. e4 g6 2. d4 d6 3. Nc3 Nf6 4. Bc4 Bg7 5. Qe2 O-O 6. e5 Ne8 7. f4 Nc6 8. Be3
e6 9. Nf3 d5 10. Bd3 Nb4 11. g4 b6 12. h4 Qe7 13. h5 c5 14. Qh2 Nxd3+ 15. cxd3
h6 16. hxg6 fxg6 17. f5 cxd4 18. f6 Nxf6 19. exf6 Rxf6 20. Nxd4 e5 21. Nxd5 1-0

[Event "Club Championships E Grade"]
[Site "Wellington Chess Club"]
[Date "2021.12.16"]
[Round "1.2"]
[White "Jelley, Arch"]
[Black "Zaslow, Henry"]
[Result "0-1"]
[WhiteElo "1748"]
[BlackElo "1926"]

1. d4 d5 2. Bf4 Nf6 3. e3 c5 4. Nf3 Qb6 5. b3 Bf5 6. Nc3 e6 7. Na4 Qa5+ 8. Qd2
Qxd2+ 9. Nxd2 cxd4 10. exd4 Nc6 11. Bb5 a6 12. Bxc6+ bxc6 13. Rc1 Ba3 14. O-O
Bxc1 15. Rxc1 O-O 16. Nf3 Nd7 17. Ne5 Nxe5 18. Bxe5 f6 19. Bg3 e5 20. c3 Rae8
21. Nc5 a5 22. Nb7 exd4 23. Nd6 d3 24. Nxe8 Rxe8 25. f3 Re2 26. Re1 d2 0-1

[Event "Club Championships F Grade"]
[Site "Wellington Chess Club"]
[Date "2021.11.11"]
[Round "1.1"]
[White "Farrington, Lawrence"]
[Black "Carlyle, Mathieson"]
[Result "1-0"]
[WhiteElo "1668"]
[BlackElo "1633"]

1. e4 e6 2. d4 d5 3. Nc3 Nf6 4. Bg5 Be7 5. e5 Nfd7 6. Bxe7 Qxe7 7. Nf3 c5 8.
Nb5 Nb6 9. Nd6+ Kf8 10. dxc5 N6d7 11. Nxc8 Qxc5 12. Nd6 Nxe5 13. Nxe5 Qxd6 14.
Nf3 Nc6 15. c3 Rd8 16. Be2 h5 17. O-O e5 18. Qd2 Qg6 19. Rac1 f6 20. Nh4 Qf7
21. Rfd1 Ne7 22. Bc4 g5 23. Nf3 Kg7 24. Bb3 h4 25. Ne1 Rh5 26. Qe2 Qg6 27. Bc2
Nf5 28. Bxf5 Qxf5 29. Qxh5 e4 30. h3 Qe5 31. Qg4 Kg6 32. f4 exf3 33. Qxf3 Rf8
34. Rxd5 Qe7 35. Qd3+ Kh6 36. Nf3 Qc7 37. Nd4 Qf4 38. Rf1 Qb8 39. Nf5+ Kh5 40.
Ne7 f5 41. Rfxf5 1-0

[Event "Club Championships F Grade"]
[Site "Wellington Chess Club"]
[Date "2021.11.11"]
[Round "1.2"]
[White "Kibblewhite, Daniel"]
[Black "Osborne, Geoff"]
[Result "1-0"]
[WhiteElo "1580"]
[BlackElo "1477"]

1. d4 Nf6 2. c4 g6 3. Nc3 Bg7 4. e4 d6 5. f4 O-O 6. Nf3 Na6 7. Be2 e5 8. fxe5
dxe5 9. Nxe5 Re8 10. O-O Nd7 11. Nxf7 Qe7 12. Bg5 Bf6 13. Nd5 Qxf7 14. Nxf6+
Nxf6 15. Rxf6 Qg7 16. e5 Bf5 17. Bf3 Rad8 18. Bd5+ Kh8 19. Rxf5 Rf8 20. Rxf8+
Qxf8 21. Bf6+ 1-0